[Event "Chigorin Memorial blitz 24th"]
[Site "St Petersburg"]
[Date "2016.10.14"]
[Round "2"]
[White "Alekseev, Evgeny V"]
[Black "Rusanov, Michail"]
[Result "0-1"]
[WhiteElo "2636"]
[BlackElo "2440"]
[PlyCount "85"]
[EventDate "2016.10.14"]
[EventType "swiss (blitz)"]
[EventRounds "13"]
[EventCountry "RUS"]
[SourceTitle "EXT 2017"]
[Source "ChessBase"]
[SourceDate "2016.10.25"]
[SourceVersion "1"]
[SourceVersionDate "2016.10.25"]
[SourceQuality "1"]

1. Nf3 f5 2. g3 Nf6 3. Bg2 e6 4. 0-0 Be7 5. c4 0-0 6. d4 d5 7. b3 c6 8. Ba3 Bxa3 9. Nxa3 Nbd7 10. Nc2 b6 11. Nb4 Bb7 12. Nd3 Rc8 13. Rc1 Qe7 14. e3 c5 15. Nf4 dxc4 16. bxc4 Rfd8 17. Qb3 e5 18. Nd5 Nxd5 19. cxd5 c4 20. Qa4 e4 21. Nd2 a6 22. d6 Qxd6 23. Nxc4 Qe6 24. Nd2 b5 25. Qa5 Bd5 26. Nb3 Qb6 27. Qb4 Rc4 28. Qe7 Qf6 29. Qxf6 Nxf6 30. Nc5 Rxc1 31. Rxc1 Bxa2 32. Ra1 Bc4 33. Rxa6 Nd5 34. Bf1 Bxf1 35. Kxf1 Rb8 36. Rd6 Nc3 37. Ke1 b4 38. Kd2 Nb5 39. Rd7 Ra8 40. Ne6 Ra2+ 41. Kc1 b3 42. Rxg7+ Kh8 43. Rd7 0-1

[Event "St Petersburg blitz final"]
[Site "St Petersburg"]
[Date "2013.12.22"]
[Round "2"]
[White "Rusanov, Michail"]
[Black "Novik, Maxim"]
[Result "1/2-1/2"]
[WhiteElo "2440"]
[BlackElo "2467"]
[PlyCount "58"]
[EventDate "2013.12.22"]
[EventType "tourn (blitz)"]
[EventRounds "5"]
[EventCountry "RUS"]
[EventCategory "11"]
[SourceTitle "CBM 158 Extra"]
[Source "ChessBase"]
[SourceDate "2014.02.28"]
[SourceVersion "1"]
[SourceVersionDate "2014.02.28"]
[SourceQuality "1"]

1. d4 Nf6 2. Bg5 d5 3. Bxf6 exf6 4. e3 c6 5. c4 dxc4 6. Bxc4 Bd6 7. Nc3 0-0 8. Nf3 Nd7 9. Qc2 f5 10. Bd3 g6 11. h4 Nf6 12. h5 Qe7 13. hxg6 hxg6 14. 0-0-0 Kg7 15. Kb1 Bd7 16. Ng5 Rh8 17. Bc4 Nd5 18. Bxd5 Qxg5 19. Bf3 Rxh1 20. Rxh1 Rh8 21. Rxh8 Kxh8 22. g3 Kg7 23. Na4 Qe7 24. Nc5 Bc8 25. Qc3 Kg8 26. a3 a6 27. Nd3 Be6 28. Nf4 Bxf4 29. gxf4 Bd5 1/2-1/2

[Event "St Petersburg blitz prelim"]
[Site "St Petersburg"]
[Date "2013.12.22"]
[Round "4"]
[White "Rusanov, Michail"]
[Black "Pershin, Denis"]
[Result "1-0"]
[WhiteElo "2440"]
[BlackElo "2176"]
[PlyCount "91"]
[EventDate "2013.12.22"]
[EventType "swiss (blitz)"]
[EventRounds "11"]
[EventCountry "RUS"]
[SourceTitle "CBM 158 Extra"]
[Source "ChessBase"]
[SourceDate "2014.02.28"]
[SourceVersion "1"]
[SourceVersionDate "2014.02.28"]
[SourceQuality "1"]

1. d4 c5 2. dxc5 Qa5+ 3. Nc3 Qxc5 4. e4 d6 5. Be3 Qc7 6. Qd2 e6 7. Nb5 Qd8 8. 0-0-0 Nf6 9. f3 d5 10. exd5 exd5 11. Bf4 Na6 12. Re1+ Be6 13. Ne2 Bb4 14. c3 Bc5 15. Ned4 Qb6 16. Nxe6 fxe6 17. b4 Be7 18. Nd4 Rc8 19. Bb5+ Kf7 20. Rxe6 Qd8 21. Kb2 Nc7 22. Bxc7 Rxc7 23. Rhe1 a6 24. Bd3 Re8 25. Nf5 Bf8 26. Rxe8 Nxe8 27. Qf4 Kg8 28. Rxe8 Qxe8 29. Qxc7 g6 30. Nd4 b5 31. Qf4 Qe1 32. Qc1 Qf2+ 33. Qc2 Qg1 34. h3 Bg7 35. Ne6 Bf6 36. a4 a5 37. axb5 axb4 38. Kb3 bxc3 39. Bxg6 Qb6 40. Bxh7+ Kf7 41. Qg6+ Kxe6 42. Bg8+ Ke5 43. f4+ Kd4 44. Qe8 Qc5 45. Qe2 c2 46. Qf2+ 1-0

[Event "St Petersburg rapid Cup"]
[Site "St Petersburg"]
[Date "2013.09.29"]
[Round "3.2"]
[White "Lintchevski, Daniil"]
[Black "Rusanov, Michail"]
[Result "1/2-1/2"]
[WhiteElo "2526"]
[BlackElo "2440"]
[PlyCount "41"]
[EventDate "2013.09.28"]
[EventType "k.o. (rapid)"]
[EventRounds "5"]
[EventCountry "RUS"]
[SourceTitle "CBM 156 Extra"]
[Source "ChessBase"]
[SourceDate "2013.10.22"]
[SourceVersion "1"]
[SourceVersionDate "2013.10.22"]
[SourceQuality "1"]

1. Nf3 d5 2. c4 c6 3. d4 e6 4. cxd5 cxd5 5. Nc3 Nc6 6. Bf4 Nf6 7. e3 Be7 8. Bd3 0-0 9. 0-0 Nh5 10. Bg3 f5 11. Ne5 Nxg3 12. Nxc6 bxc6 13. hxg3 c5 14. dxc5 Bxc5 15. Rc1 Rb8 16. Qe2 Qa5 17. a3 Be7 18. Nb5 Bf6 19. b4 Qb6 20. a4 a5 21. Qd2 1/2-1/2

[Event "RUS-chT2 17th"]
[Site "Dagomys"]
[Date "2010.04.04"]
[Round "3"]
[White "Rusanov, Michail"]
[Black "Kryakvin, Dmitry"]
[Result "1/2-1/2"]
[WhiteElo "2438"]
[BlackElo "2574"]
[PlyCount "114"]
[EventDate "2010.04.01"]
[EventType "team-tourn"]
[EventRounds "7"]
[EventCountry "RUS"]
[SourceTitle "CBM 135 Extra"]
[Source "ChessBase"]
[SourceDate "2010.05.04"]
[SourceVersion "1"]
[SourceVersionDate "2010.05.04"]
[SourceQuality "1"]

1. d4 Nf6 2. Bg5 Ne4 3. Bf4 c5 4. f3 Nf6 5. dxc5 Qa5+ 6. Nc3 Qxc5 7. e4 d6 8. Qd2 g6 9. Be3 Qa5 10. Nb5 Qd8 11. Nxa7 Bg7 12. Nxc8 Qxc8 13. Bb5+ Nbd7 14. Ne2 0-0 15. 0-0 Ne5 16. b3 Rd8 17. c4 e6 18. Rac1 Qc7 19. a4 Qe7 20. Nc3 Nfd7 21. Bxd7 Nxd7 22. Rfd1 Nc5 23. Qc2 f5 24. b4 Bxc3 25. Qxc3 Nxa4 26. Qd2 Qg7 27. exf5 gxf5 28. Bd4 e5 29. Bf2 Kh8 30. f4 Qg4 31. g3 Rac8 32. Qd5 Qg8 33. fxe5 Qxd5 34. Rxd5 dxe5 35. Rxe5 Nb2 36. Rxf5 Rxc4 37. Rxc4 Nxc4 38. Rf4 Nd2 39. Kg2 Kg8 40. g4 Rd5 41. Rd4 Rxd4 42. Bxd4 Kf7 43. Be3 Nc4 44. Bf4 Kg6 45. Kf3 h5 46. h3 Na3 47. Ke4 hxg4 48. hxg4 Nc2 49. Bd6 b5 50. Be7 Kf7 51. Kd3 Ne1+ 52. Ke2 Nc2 53. Kd2 Nd4 54. Bd6 Kg6 55. Ke3 Nc6 56. Kf4 Kf6 57. Bc5 Kg6 1/2-1/2

[Event "Petrovskaya Ladya GM"]
[Site "Peterhof"]
[Date "2007.01.08"]
[Round "7"]
[White "Lintchevski, Daniil"]
[Black "Rusanov, Michail"]
[Result "1-0"]
[WhiteElo "2449"]
[BlackElo "2436"]
[PlyCount "45"]
[EventDate "2007.01.03"]
[EventType "tourn"]
[EventRounds "11"]
[EventCountry "RUS"]
[EventCategory "6"]
[SourceTitle "CBM 116 Extra"]
[Source "ChessBase"]
[SourceDate "2007.03.07"]
[SourceVersion "1"]
[SourceVersionDate "2007.03.07"]
[SourceQuality "1"]

1. e4 e6 2. d4 d5 3. Nc3 dxe4 4. Nxe4 Nd7 5. Nf3 Ngf6 6. Bg5 h6 7. Nxf6+ Nxf6 8. Be3 Be7 9. Bd3 0-0 10. Qe2 b6 11. 0-0-0 Bb7 12. Ne5 Qc8 13. Rhg1 c5 14. g4 cxd4 15. Bd2 Nd7 16. g5 Nxe5 17. gxh6 Ng6 18. hxg7 Kxg7 19. Qe5+ Bf6 20. Qh5 Rh8 21. Rxg6+ Kf8 22. Bh6+ Ke7 23. Rxf6 1-0

[Event "St Petersburg-Moscow m"]
[Site "St Petersburg"]
[Date "2005.05.15"]
[Round "2"]
[White "Rusanov, Michail"]
[Black "Dragomarezkij, Evgeni"]
[Result "1/2-1/2"]
[WhiteElo "2431"]
[BlackElo "2474"]
[PlyCount "122"]
[EventDate "2005.05.14"]
[EventType "match"]
[EventRounds "2"]
[EventCountry "RUS"]
[SourceTitle "CBM 106 Extra"]
[Source "ChessBase"]
[SourceDate "2005.07.01"]
[SourceVersion "1"]
[SourceVersionDate "2005.07.01"]
[SourceQuality "1"]

1. d4 d5 2. Bg5 Nf6 3. Bxf6 gxf6 4. e3 Bf5 5. Bd3 Bg6 6. Nf3 c6 7. 0-0 Nd7 8. c4 dxc4 9. Bxc4 Bg7 10. Nc3 0-0 11. Rc1 Qa5 12. Nh4 f5 13. g3 Nf6 14. Qb3 Qb6 15. Na4 Qxb3 16. Bxb3 Ne4 17. Rfd1 Bf6 18. f3 Bxh4 19. gxh4 Nd6 20. Nc5 Kg7 21. Nd3 Rac8 22. Nf4 h6 23. Kf2 Bh7 24. Rg1+ Kh8 25. a3 Rg8 26. Rg3 e6 27. Ba2 Rge8 28. Rc5 b6 29. Rc3 c5 30. dxc5 Rxc5 31. Rxc5 bxc5 32. Rg2 e5 33. Nd5 c4 34. Nf6 Rc8 35. Ke1 f4 36. Nxh7 Kxh7 37. exf4 exf4 38. Rd2 Rc6 39. Kd1 Kg7 40. Rd5 Kf6 41. Kc1 Nf5 42. Bb1 Nxh4 43. Rh5 Ng6 44. Rxh6 Re6 45. Be4 Kg5 46. Rh7 f5 47. Bd5 Rd6 48. Bxc4 Rc6 49. b3 Ne5 50. Kb2 Rd6 51. h4+ Kg6 52. Rxa7 Kh5 53. Ra5 Nxf3 54. Rxf5+ Kg4 55. Rd5 Re6 56. a4 Ne5 57. Bb5 f3 58. a5 f2 59. a6 Nc6 60. h5 Na7 61. Bc4 Re4 1/2-1/2

[Event "St Petersburg op"]
[Site "St Petersburg"]
[Date "2001.??.??"]
[Round "2"]
[White "Moskovets, Konstantin"]
[Black "Rusanov, Michail"]
[Result "1/2-1/2"]
[WhiteElo "2319"]
[BlackElo "2425"]
[PlyCount "108"]
[EventDate "2001.??.??"]
[EventType "swiss"]
[EventRounds "9"]
[EventCountry "RUS"]
[SourceTitle "EXT 2002"]
[Source "ChessBase"]
[SourceDate "2001.11.25"]
[SourceVersion "1"]
[SourceVersionDate "2001.11.25"]
[SourceQuality "1"]

1. e4 e6 2. d4 d5 3. Nc3 dxe4 4. Nxe4 Nd7 5. Nf3 Ngf6 6. Bd3 Nxe4 7. Bxe4 Nf6 8. Bd3 c5 9. 0-0 cxd4 10. Nxd4 Bc5 11. Be3 Bb6 12. Re1 0-0 13. Nb5 Bd7 14. Nd6 Bc6 15. Bxb6 Qxb6 16. Nc4 Qc7 17. Ne5 Rfd8 18. Nxc6 Qxc6 19. Qe2 Rd6 20. Rad1 Rad8 21. g3 b6 22. c3 h6 23. Bc2 Kf8 24. Rxd6 Rxd6 25. Rd1 Rxd1+ 26. Qxd1 Ke7 27. Qd4 Qd6 28. Qxd6+ Kxd6 29. f3 g5 30. Kf2 Ke5 31. Ke3 Nd5+ 32. Kd3 f5 33. a3 f4 34. g4 Nf6 35. c4 Kd6 36. b4 e5 37. Kc3 h5 38. h3 h4 39. Bf5 Kc6 40. Kd3 Kd6 41. Be4 Kc7 42. Ba8 Kb8 43. Bc6 Kc7 44. Be4 Kd6 45. Ba8 Kc7 46. c5 bxc5 47. bxc5 Kb8 48. Bc6 Kc7 49. Be4 Nd7 50. Kc4 Nf6 51. Bd5 Kd7 52. Ba8 Kc7 53. Bd5 Kd7 54. Ba8 Kc7 1/2-1/2

[Event "St Petersburg-ch sf"]
[Site "St Petersburg"]
[Date "2001.??.??"]
[Round "1"]
[White "Rusanov, Michail"]
[Black "Aleksandrov, Danila"]
[Result "0-1"]
[WhiteElo "2425"]
[BlackElo "2231"]
[PlyCount "92"]
[EventDate "2001.??.??"]
[EventType "swiss"]
[EventRounds "9"]
[EventCountry "RUS"]
[SourceTitle "EXT 2002"]
[Source "ChessBase"]
[SourceDate "2001.11.25"]
[SourceVersion "1"]
[SourceVersionDate "2001.11.25"]
[SourceQuality "1"]

1. b4 c6 2. c4 Qb6 3. Qb3 a5 4. bxa5 Qxa5 5. Nc3 Nf6 6. Nf3 e5 7. g3 e4 8. Nd4 Qe5 9. Nc2 Na6 10. Bg2 Bc5 11. 0-0 0-0 12. d4 exd3 13. exd3 Ng4 14. Ne4 d5 15. cxd5 cxd5 16. Nxc5 Nxc5 17. Qxd5 Qxd5 18. Bxd5 Nxd3 19. f3 Nf6 20. Bb3 Be6 21. Bg5 Rac8 22. Nd4 Bxb3 23. axb3 Nd5 24. Rfd1 N3b4 25. Nf5 f6 26. Bd2 Rc5 27. Ra7 Rb8 28. g4 Nc6 29. Ra2 Ne5 30. Kf2 g6 31. Nd6 Rc6 32. Ne4 Re8 33. Ra7 Nxg4+ 34. fxg4 Rxe4 35. Rxb7 Rc2 36. Rd7 Rd4 37. Ke1 Re4+ 38. Kf1 Rd4 39. Ra1 Ne3+ 40. Bxe3 Rxd7 41. b4 Rxh2 42. Rb1 Rd3 43. Bg1 Rf3+ 44. Ke1 Rh1 45. Ke2 Rg3 46. Kf2 Rgxg1 0-1

[Event "St Petersburg op"]
[Site "St Petersburg"]
[Date "2001.??.??"]
[Round "8"]
[White "Rusanov, Michail"]
[Black "Anisimov, Pavel"]
[Result "1/2-1/2"]
[WhiteElo "2425"]
[BlackElo "2325"]
[PlyCount "92"]
[EventDate "2001.??.??"]
[EventType "swiss"]
[EventRounds "9"]
[EventCountry "RUS"]
[SourceTitle "EXT 2002"]
[Source "ChessBase"]
[SourceDate "2001.11.25"]
[SourceVersion "1"]
[SourceVersionDate "2001.11.25"]
[SourceQuality "1"]

1. Nf3 c5 2. e3 g6 3. d4 Bg7 4. c3 cxd4 5. cxd4 Nf6 6. Nc3 d6 7. Be2 0-0 8. 0-0 Nc6 9. b3 Bf5 10. Bb2 Ne4 11. Nxe4 Bxe4 12. Bd3 Bxd3 13. Qxd3 Rc8 14. Rfc1 Qd7 15. Qd2 Nb8 16. h3 Rxc1+ 17. Rxc1 Rc8 18. Rc3 Rxc3 19. Qxc3 Nc6 20. a4 Qf5 21. Kf1 h6 22. Ke2 e5 23. dxe5 dxe5 24. Nd2 Qg5 25. Kf1 Qe7 26. Nc4 f5 27. f3 Kh7 28. e4 fxe4 29. fxe4 Nd4 30. Qd3 Qg5 31. Bxd4 exd4 32. Nd2 a6 33. g4 Qf4+ 34. Ke2 Qh2+ 35. Kd1 Qd6 36. Nf3 Qe6 37. Ke2 Qd6 38. h4 Qf4 39. g5 h5 40. Kd1 Qd6 41. Kc2 Qc6+ 42. Kb1 Qd6 43. Kc2 Qc6+ 44. Kd1 Qd6 45. Ke2 Qg3 46. Kd1 Qd6 1/2-1/2

[Event "St Petersburg op"]
[Site "St Petersburg"]
[Date "2001.??.??"]
[Round "9"]
[White "Rusanov, Michail"]
[Black "Utkin, Aleksey"]
[Result "1-0"]
[WhiteElo "2425"]
[BlackElo "2302"]
[PlyCount "93"]
[EventDate "2001.??.??"]
[EventType "swiss"]
[EventRounds "9"]
[EventCountry "RUS"]
[SourceTitle "EXT 2002"]
[Source "ChessBase"]
[SourceDate "2001.11.25"]
[SourceVersion "1"]
[SourceVersionDate "2001.11.25"]
[SourceQuality "1"]

1. f4 c5 2. Nf3 Nc6 3. b3 Nf6 4. Bb2 e6 5. e3 a6 6. Be2 d5 7. 0-0 Bd6 8. Ne5 Qc7 9. d4 0-0 10. Nd2 b5 11. c3 Bb7 12. Qe1 Ne4 13. Nxe4 dxe4 14. Nxc6 Bxc6 15. Qg3 f5 16. c4 b4 17. Rfd1 Rae8 18. Rd2 cxd4 19. Bxd4 e5 20. c5 exd4 21. cxd6 Qxd6 22. Rxd4 Qc5 23. Bxa6 Bb5 24. Bxb5 Qxb5 25. Qe1 Rb8 26. Rc1 Qa5 27. a4 Rfd8 28. Qd2 h6 29. h3 Rxd4 30. Qxd4 Rd8 31. Qc4+ Kh7 32. Qb5 Qxb5 33. axb5 Rd5 34. b6 Rb5 35. Rc6 h5 36. Kf2 h4 37. g3 hxg3+ 38. Kxg3 g6 39. Kh4 Kh6 40. Rd6 Rc5 41. Rd8 Rb5 42. Rb8 Kg7 43. Kg5 Kf7 44. h4 Rd5 45. b7 Rd3 46. Rf8+ Kg7 47. Rg8+ 1-0

[Event "Chigorin Memorial 08th"]
[Site "St Petersburg"]
[Date "2000.10.31"]
[Round "1"]
[White "Grebenschikova, Natalya"]
[Black "Rusanov, Michail"]
[Result "0-1"]
[WhiteElo "2082"]
[BlackElo "2405"]
[PlyCount "102"]
[EventDate "2000.10.31"]
[EventType "swiss"]
[EventRounds "9"]
[EventCountry "RUS"]
[SourceTitle "EXT 2001"]
[Source "ChessBase"]
[SourceDate "2000.11.22"]
[SourceVersion "1"]
[SourceVersionDate "2000.11.22"]
[SourceQuality "1"]

1. e4 e6 2. d4 d5 3. Nc3 Nf6 4. e5 Nfd7 5. Nf3 c5 6. Bf4 cxd4 7. Nxd4 Nc6 8. Bb5 Nxd4 9. Qxd4 a6 10. Bxd7+ Bxd7 11. Ne2 Rc8 12. Qd2 Be7 13. c3 0-0 14. 0-0 Bb5 15. Rfe1 Bxe2 16. Rxe2 Rc4 17. Rd1 Qa5 18. a3 Qa4 19. Be3 b5 20. Bd4 a5 21. Rb1 Qb3 22. Qd1 Qxd1+ 23. Rxd1 Rfc8 24. g3 Kf8 25. f3 Ke8 26. Kf2 Ra4 27. Ree1 b4 28. axb4 axb4 29. Ra1 Rca8 30. Rxa4 Rxa4 31. Re2 b3 32. Ke3 Kd7 33. Kd3 Kc6 34. Rd2 Kb5 35. f4 Ra1 36. Be3 Rb1 37. Bd4 Rh1 38. Be3 g6 39. Bd4 h5 40. Be3 h4 41. gxh4 Bxh4 42. Rg2 Rb1 43. Re2 Be7 44. Rd2 Ra1 45. Rg2 Ra8 46. Rg1 Rh8 47. Rg2 Rh3 48. Ke2 Kc4 49. Bf2 Ba3 50. bxa3 b2 51. Rg1 Kxc3 0-1

[Event "St Petersburg-ch sf"]
[Site "St Petersburg"]
[Date "2000.??.??"]
[Round "9"]
[White "Rusanov, Michail"]
[Black "Solovjov, Sergey"]
[Result "0-1"]
[WhiteElo "2414"]
[BlackElo "2449"]
[PlyCount "75"]
[EventDate "2000.??.??"]
[EventType "swiss"]
[EventRounds "9"]
[EventCountry "RUS"]
[SourceTitle "EXT 2001"]
[Source "ChessBase"]
[SourceDate "2000.11.22"]
[SourceVersion "1"]
[SourceVersionDate "2000.11.22"]
[SourceQuality "1"]

1. d4 g6 2. c3 Bg7 3. Bg5 d6 4. Nd2 h6 5. Bh4 g5 6. Bg3 f5 7. e3 Nf6 8. Qb3 Nc6 9. Bc4 Na5 10. Qa4+ c6 11. Bd3 b5 12. Qc2 Qd7 13. a4 b4 14. cxb4 Nb7 15. Qb3 Qe6 16. Bc4 d5 17. Be2 Ne4 18. Nxe4 dxe4 19. Bc4 Qg6 20. Ne2 Nd6 21. Bxd6 exd6 22. d5 c5 23. bxc5 0-0 24. c6 f4 25. Nc3 Bg4 26. Qc2 Rab8 27. 0-0 Be5 28. f3 Bf5 29. fxe4 Bg4 30. Be2 f3 31. gxf3 Qh5 32. Rf2 Qh4 33. f4 Bh3 34. Bf1 gxf4 35. Bxh3 Qxh3 36. Rg2+ Kh8 37. exf4 Rxf4 38. Kh1 0-1

[Event "St Petersburg-ch"]
[Site "St Petersburg"]
[Date "1999.04.11"]
[Round "6"]
[White "Rusanov, Michail"]
[Black "Kochyev, Alexander"]
[Result "1/2-1/2"]
[WhiteElo "2448"]
[BlackElo "2428"]
[PlyCount "62"]
[EventDate "1999.04.??"]
[EventType "swiss"]
[EventRounds "9"]
[EventCountry "RUS"]
[SourceTitle "CBM 070 Extra"]
[Source "ChessBase"]
[SourceDate "1999.07.10"]
[SourceVersion "1"]
[SourceVersionDate "1999.07.10"]
[SourceQuality "1"]

1. e4 c5 2. Nf3 e6 3. d4 cxd4 4. Nxd4 a6 5. Nc3 Qc7 6. g3 Bb4 7. Bd2 Nf6 8. Bg2 Nc6 9. Nxc6 bxc6 10. 0-0 Be7 11. Re1 e5 12. Na4 0-0 13. c4 d6 14. b4 Be6 15. Qe2 Nd7 16. Be3 Rfb8 17. Rab1 c5 18. bxc5 Nxc5 19. Bxc5 dxc5 20. Nc3 Rb4 21. Nd5 Bxd5 22. exd5 Bd6 23. a3 Rxb1 24. Rxb1 g6 25. g4 Rb8 26. Rxb8+ Qxb8 27. Qc2 Qd8 28. Qa4 Qg5 29. Qxa6 Qc1+ 30. Bf1 Qf4 31. Qxd6 Qxg4+ 1/2-1/2

[Event "St Petersburg White Nights op"]
[Site "St Petersburg"]
[Date "1999.??.??"]
[Round "8"]
[White "Kochyev, Alexander"]
[Black "Rusanov, Michail"]
[Result "1-0"]
[WhiteElo "2428"]
[BlackElo "2448"]
[PlyCount "73"]
[EventDate "1999.06.??"]
[EventType "swiss"]
[EventRounds "9"]
[EventCountry "RUS"]
[SourceTitle "EXT 2000"]
[Source "ChessBase"]
[SourceDate "1999.11.16"]
[SourceVersion "1"]
[SourceVersionDate "1999.11.16"]
[SourceQuality "1"]

1. Nf3 d5 2. c4 c6 3. d4 e6 4. Qc2 dxc4 5. Qxc4 b5 6. Qc2 Bb7 7. Bg5 Nf6 8. Nbd2 Nbd7 9. e4 a6 10. a4 Rc8 11. Be2 c5 12. d5 exd5 13. e5 h6 14. Bh4 g5 15. Bg3 Ne4 16. axb5 Nxg3 17. hxg3 Bg7 18. bxa6 Ba8 19. Bb5 0-0 20. Bxd7 Qxd7 21. Nxg5 Rfe8 22. Qh7+ Kf8 23. Ngf3 Qb5 24. Rh4 Rc7 25. Kd1 Qd7 26. Rxh6 Bxh6 27. Qxh6+ Kg8 28. Qg5+ Kf8 29. Kc2 Rc6 30. Qf4 Qe6 31. Ng5 Qg6+ 32. Kd1 Kg7 33. Ra3 Re7 34. Ngf3 Rxa6 35. Nh4 Qc6 36. Nf5+ Kf8 37. Qh4 1-0

[Event "St Petersburg White Nights op"]
[Site "St Petersburg"]
[Date "1999.??.??"]
[Round "4"]
[White "Rusanov, Michail"]
[Black "Stepanov, Timofej"]
[Result "1-0"]
[WhiteElo "2448"]
[BlackElo "2226"]
[PlyCount "123"]
[EventDate "1999.06.??"]
[EventType "swiss"]
[EventRounds "9"]
[EventCountry "RUS"]
[SourceTitle "EXT 2000"]
[Source "ChessBase"]
[SourceDate "1999.11.16"]
[SourceVersion "1"]
[SourceVersionDate "1999.11.16"]
[SourceQuality "1"]

1. b4 d5 2. Bb2 Nf6 3. Nf3 Bg4 4. b5 Nbd7 5. a4 e6 6. e3 Bd6 7. Be2 0-0 8. d3 e5 9. 0-0 Re8 10. Re1 Bxf3 11. Bxf3 Nf8 12. Nd2 c6 13. c4 Bc7 14. bxc6 bxc6 15. cxd5 cxd5 16. e4 Rb8 17. Rb1 Ne6 18. exd5 Nxd5 19. Nc4 Ndf4 20. Bc6 Qg5 21. Qg4 Red8 22. Qxg5 Nxg5 23. Bxe5 Bxe5 24. Nxe5 Rxb1 25. Rxb1 f6 26. Nf3 Ne2+ 27. Kf1 Nxf3 28. Bxf3 Nc3 29. Ra1 a5 30. Ke1 Rd4 31. Kd2 Rxa4 32. Rc1 Nb5 33. Rc5 Rb4 34. Bc6 Nd4 35. Bd5+ Kf8 36. Rxa5 Rb5 37. Ra8+ Ke7 38. Ra7+ Kd6 39. Bc4 Rg5 40. g3 Nc6 41. Ra8 Ra5 42. Rg8 Ra7 43. Ke3 Re7+ 44. Kf4 Ne5 45. Rd8+ Rd7 46. Rxd7+ Kxd7 47. Ke4 Kd6 48. Bg8 h6 49. f4 Nc6 50. d4 Ne7 51. Bf7 Nc6 52. h4 Ne7 53. g4 Kc7 54. h5 Kd6 55. d5 Nc8 56. Be6 Ne7 57. Kd4 g6 58. f5 g5 59. Kc4 Ke5 60. Kc5 Nxd5 61. Bxd5 Kf4 62. Kd6 1-0

[Event "Chigorin Memorial 06th"]
[Site "St Petersburg"]
[Date "1998.11.07"]
[Round "7"]
[White "Rusanov, Michail"]
[Black "Vaulin, Alexander"]
[Result "0-1"]
[WhiteElo "2425"]
[BlackElo "2550"]
[PlyCount "112"]
[EventDate "1998.10.31"]
[EventType "swiss"]
[EventRounds "9"]
[EventCountry "RUS"]
[SourceTitle "CBM 067 Extra"]
[Source "ChessBase"]
[SourceDate "1999.01.01"]
[SourceVersion "1"]
[SourceVersionDate "1999.01.01"]
[SourceQuality "1"]

1. f4 c5 2. Nf3 g6 3. e4 Bg7 4. Nc3 Nc6 5. Bb5 Nd4 6. Nxd4 cxd4 7. Ne2 Nf6 8. Bd3 0-0 9. b3 d6 10. 0-0 Qb6 11. Kh1 Nd7 12. Qe1 Nc5 13. Bb2 Bd7 14. Qh4 Bf6 15. Qg3 Nxd3 16. cxd3 Bg7 17. e5 dxe5 18. fxe5 Qa5 19. Bxd4 Qxd2 20. Nc3 Bc6 21. Rf2 Qh6 22. Bc5 Rfe8 23. d4 b6 24. Ba3 Rad8 25. d5 Qh5 26. Qf4 Bxe5 27. Qxf7+ Kh8 28. g4 Bxc3 29. dxc6 Qxg4 30. Raf1 Qe4+ 31. Qf3 Qxf3+ 32. Rxf3 Bf6 33. Rc1 Kg8 34. Bb4 Rd5 35. Re1 Kf7 36. Rf2 a5 37. Ba3 b5 38. c7 b4 39. Bb2 Rc8 40. Be5 g5 41. h3 Rc5 42. Kg2 Kg6 43. Bg3 e5 44. Rd1 R8xc7 45. Rd6 Rf7 46. Re6 e4 47. Rxe4 Re7 48. Rxe7 Bxe7 49. Re2 Bf6 50. Bf2 Rd5 51. Rc2 Kf5 52. Bb6 Be5 53. Rc5 Rxc5 54. Bxc5 Bc7 55. Kf3 h5 56. a3 a4 0-1

[Event "Chigorin Memorial 06th"]
[Site "St Petersburg"]
[Date "1998.11.01"]
[Round "2"]
[White "Kharlov, Andrei"]
[Black "Rusanov, Michail"]
[Result "1/2-1/2"]
[WhiteElo "2575"]
[BlackElo "2425"]
[PlyCount "157"]
[EventDate "1998.10.31"]
[EventType "swiss"]
[EventRounds "9"]
[EventCountry "RUS"]
[SourceTitle "CBM 067 Extra"]
[Source "ChessBase"]
[SourceDate "1999.01.01"]
[SourceVersion "1"]
[SourceVersionDate "1999.01.01"]
[SourceQuality "1"]

1. d4 e6 2. c4 f5 3. g3 Nf6 4. Bg2 c6 5. Qc2 d5 6. Nh3 Bd6 7. 0-0 0-0 8. Bf4 Be7 9. Nd2 Ne4 10. Nxe4 dxe4 11. Rad1 Bf6 12. c5 Na6 13. Bd6 Be7 14. Be5 Nb4 15. Qd2 Nd5 16. f3 e3 17. Qc1 g5 18. Kh1 b6 19. f4 g4 20. Ng1 Bb7 21. Rd3 Ba6 22. cxb6 Qd7 23. b7 Bxb7 24. Qc4 Nb6 25. Qc1 c5 26. h3 c4 27. Rxe3 Nd5 28. Rc3 Nxc3 29. Qxc3 Bxg2+ 30. Kxg2 Qd5+ 31. Kh2 h5 32. Qc2 Kf7 33. Re1 Qe4 34. Qxe4 fxe4 35. Rc1 Rac8 36. e3 gxh3 37. Nxh3 Kg6 38. Nf2 Kf5 39. Kg2 Rg8 40. Rh1 h4 41. g4+ Rxg4+ 42. Nxg4 Kxg4 43. d5 Rd8 44. d6 Bxd6 45. Rxh4+ Kxh4 46. Bf6+ Kg4 47. Bxd8 Kf5 48. Ba5 e5 49. b3 cxb3 50. axb3 exf4 51. exf4 Kxf4 52. Kf2 Bc5+ 53. Ke2 Ke5 54. Bc3+ Kd5 55. Be1 a6 56. Bc3 Bd4 57. Bb4 Bf6 58. Be1 Kd4 59. Bd2 Be7 60. Be1 Ba3 61. Bd2 Bb2 62. Ba5 Bc1 63. Bb4 Bg5 64. Be1 Be7 65. Ba5 Bc5 66. Be1 Kd5 67. Bc3 Kc6 68. Be1 Kb5 69. Bc3 Bg1 70. Kf1 Bb6 71. Ke2 Ba5 72. Be5 Kb4 73. Ke3 Kxb3 74. Kxe4 Bd8 75. Kd3 a5 76. Bd6 Bb6 77. Be7 Bc7 78. Bc5 Bg3 79. Bb6 1/2-1/2

[Event "St Petersburg White Nights op"]
[Site "St Petersburg"]
[Date "1998.06.22"]
[Round "3"]
[White "Kostyuchenko, Vladimir"]
[Black "Rusanov, Michail"]
[Result "0-1"]
[WhiteElo "2300"]
[BlackElo "2410"]
[PlyCount "70"]
[EventDate "1998.06.??"]
[EventType "swiss"]
[EventRounds "9"]
[EventCountry "RUS"]
[SourceTitle "EXT 1999"]
[Source "ChessBase"]
[SourceDate "1998.11.16"]
[SourceVersion "1"]
[SourceVersionDate "1998.11.16"]
[SourceQuality "1"]

1. d4 d5 2. Nf3 c6 3. Bf4 e6 4. e3 f5 5. Be2 Nf6 6. Ne5 Be7 7. Bh5+ g6 8. Be2 0-0 9. Nd2 Nbd7 10. Bh6 Re8 11. f4 Nxe5 12. fxe5 Ne4 13. Nxe4 dxe4 14. c3 Ba3 15. bxa3 Qh4+ 16. Kd2 Qxh6 17. h4 c5 18. g4 cxd4 19. cxd4 Rd8 20. g5 Qg7 21. Ke1 b6 22. Qb3 Rb8 23. Rc1 b5 24. Kf2 Qd7 25. Kg3 a6 26. Kf4 Bb7 27. h5 Rbc8 28. Rcg1 Kg7 29. hxg6 hxg6 30. Rh6 Rh8 31. Rgh1 Rxh6 32. Rxh6 Rc1 33. Qb2 Rg1 34. Bd1 Rf1+ 35. Kg3 Qe7 0-1